[Event "21st Dubai Open 2019"]
[Site "Dubai UAE"]
[Date "2019.04.09"]
[Round "9.29"]
[White "Tissir, Mohamed"]
[Black "Abelgas, Roel"]
[Result "1-0"]
[WhiteTitle "IM"]
[BlackTitle "FM"]
[WhiteElo "2386"]
[BlackElo "2256"]
[WhiteFideId "9000240"]
[BlackFideId "5200970"]
[EventDate "2019.04.01"]

1. Nf3 Nf6 2. c4 g6 3. g3 Bg7 4. Bg2 O-O 5. O-O d6 6. Nc3 c5 7. d3 Nc6 8. a3 Rb8
9. Rb1 a6 10. b4 cxb4 11. axb4 b5 12. cxb5 axb5 13. Bd2 Bd7 14. Qb3 Bg4 15. Be3
Qd7 16. Rfc1 Be6 17. Qd1 Ng4 18. Bd2 Qa7 19. Qe1 Bd7 20. h3 Nf6 21. Be3 Qa6 22.
Qd2 Rfc8 23. Ra1 Qb7 24. Nd4 Ra8 25. Rxa8 Qxa8 26. Ncxb5 d5 27. Nxc6 Rxc6 28.
Rxc6 Bxc6 29. Nd4 Bb7 30. Nb3 Qa3 31. Nc5 Bc6 32. Bd4 Bb5 33. Qb2 Qxb2 34. Bxb2
e6 35. Kf1 Ne8 36. Bxg7 Kxg7 37. Ke1 Kf6 38. Kd2 Ke7 39. e4 dxe4 40. dxe4 e5 41.
Bf3 Kd6 42. Bd1 Nc7 43. Bb3 f6 44. h4 h6 45. Bd1 Kc6 46. Bg4 Kd6 47. Bc8 Bf1 48.
Bd7 g5 49. Bf5 Nb5 50. Nd7 Ke7 51. Nb6 Nc7 52. Ke3 Ne8 53. Bg4 Kd6 54. Be2 Bxe2
55. Kxe2 Nc7 56. Kd3 Kc6 57. hxg5 fxg5 58. Nc4 h5 59. Nxe5+ Kb5 60. Nf3 1-0

[Event "21st Dubai Open 2019"]
[Site "Dubai UAE"]
[Date "2019.04.09"]
[Round "9.30"]
[White "Chekh Adm Khedr, Aram"]
[Black "Rathnakaran, K."]
[Result "1-0"]
[BlackTitle "IM"]
[WhiteElo "2155"]
[BlackElo "2361"]
[WhiteFideId "7601948"]
[BlackFideId "5005507"]
[EventDate "2019.04.01"]

1. e4 e6 2. d4 d5 3. Nd2 Nf6 4. e5 Nfd7 5. Bd3 c5 6. c3 Nc6 7. Ngf3 Be7 8. O-O
g5 9. dxc5 g4 10. Nd4 Ncxe5 11. Bb5 Bxc5 12. f4 Nc6 13. Nb3 Bxd4+ 14. Nxd4 Nxd4
15. Qxd4 O-O 16. f5 e5 17. Qxd5 Qc7 18. Bg5 Nb6 19. Qe4 f6 20. Bh6 Rf7 21. Be8
Re7 22. Qxg4+ Kh8 23. Qh4 Nd5 24. Rad1 Qb6+ 25. Kh1 Rxe8 26. Rxd5 Rd8 27. Qb4
Re8 28. Qh4 a5 29. Rfd1 Ra6 30. Qg3 1-0

[Event "21st Dubai Open 2019"]
[Site "Dubai UAE"]
[Date "2019.04.09"]
[Round "9.34"]
[White "Mohannad, Farhan"]
[Black "Mendonca, Leon Luke"]
[Result "0-1"]
[WhiteTitle "FM"]
[BlackTitle "CM"]
[WhiteElo "2158"]
[BlackElo "2446"]
[WhiteFideId "8100918"]
[BlackFideId "35028561"]
[EventDate "2019.04.01"]

1. d4 Nf6 2. c4 e6 3. Nf3 c5 4. d5 d6 5. Nc3 exd5 6. cxd5 g6 7. e4 Bg7 8. Be2
O-O 9. Be3 a6 10. a4 Bg4 11. Nd2 Bxe2 12. Qxe2 Re8 13. O-O Nbd7 14. h3 Rb8 15.
a5 h6 16. Rfe1 Qc7 17. f3 Nh5 18. g4 Nhf6 19. Nc4 Ne5 20. Nxe5 Rxe5 21. Bf4 Nh7
22. Bxe5 Bxe5 23. Qd2 b6 24. axb6 Rxb6 25. f4 Bd4+ 26. Kh1 Nf6 27. Ra4 Nd7 28.
Re2 Qb7 29. Ra2 Rb3 30. Qd3 Qb4 31. Ra3 Rxa3 32. bxa3 Qxc3 33. Qxc3 Bxc3 34. Kg2
g5 35. fxg5 hxg5 36. Re3 Bd4 37. Rb3 c4 38. Rb4 Ne5 39. Kf1 Bc5 40. Ra4 Nf3 41.
Ke2 Ng1+ 42. Kf1 Nf3 43. Ke2 Ng1+ 44. Kf1 c3 45. Rc4 Nf3 46. Rxc3 Nd2+ 47. Ke2
Nxe4 48. Rb3 Nf6 49. Rd3 Kg7 50. Kd1 Ng8 51. Kc2 Ne7 52. Kb3 Ng6 53. Rf3 Nf4 54.
Kc4 Ng2 55. Rd3 Ne3+ 56. Kb3 Kf6 57. Ka4 Ke5 58. Ka5 Ke4 59. Rb3 Bxa3 60. Kxa6
Bc5 61. Rb7 f6 62. Kb5 Nxd5 63. Kc6 Nf4 64. Rf7 Bd4 65. Kxd6 Nxh3 66. Re7+ Be5+
67. Ke6 Nf2 68. Ra7 Nxg4 69. Ra4+ Kf3 70. Ra3+ Ne3 0-1